Statistieken voor Meeste interlands voor Oranje

Klik hier om de quiz te nemen!

Algemene statistieken

  • Deze quiz is 43 keer genomen
  • De gemiddelde score is 11 van 22

Antwoordstatistieken

#AntwoordPeriodeAantal% Correct
10Arjen Robben2003 – 201796
90%
7Robin van Persie2005 – 2017102
90%
12Memphis Depay2014 – heden88
85%
1Wesley Sneijder2003 – 2018134
85%
8Daley Blind2013 – heden101
77%
2Edwin van der Sar1995 – 2008130
72%
19Nigel de Jong2004 – 201581
69%
5Giovanni van Bronckhorst1996 – 2010106
54%
4Rafael van der Vaart2001 – 2013109
54%
3Frank de Boer1990 – 2004112
51%
11Georginio Wijnaldum2011 – heden90
51%
20Mark van Bommel2000 – 201279
49%
13Clarence Seedorf1994 – 200887
46%
20Dennis Bergkamp1990 – 200079
46%
20Patrick Kluivert1994 – 200479
46%
13John Heitinga2004 – 201387
36%
8Phillip Cocu1996 – 2006101
31%
16Aron Winter1987 – 200084
26%
6Dirk Kuijt2004 – 2014104
23%
15Marc Overmars1993 – 200486
23%
16Joris Mathijsen2004 – 201284
15%
17Ruud Krol1969 – 198383
15%

Scoreverdeling

Percentiel versus Aantal Correcte Antwoorden

Procent van Mensen met Elke Score

Uw Scoregeschiedenis

U heeft deze quiz nog niet genomen